Statistiques concernant Joueur de foot par images

Cliquez ici pour prendre le quiz!

Statistiques générales

  • Ce quiz a été pris 75 fois
  • Le résultat moyen est 9 sur 16

Statistiques - réponses

Réponse% Correct
anelka
92%
Gomis
92%
Charlton
72%
Diarra
72%
Nenê
72%
Gomez
66%
Valencia
66%
Weah
54%
Batistuta
52%
Howard
52%
Feghouli
49%
Lucio
44%
Edel
31%
Mcmanaman
23%
Eboué
13%
Mollo
13%

Distribution des résultats

Percentile par nombre de réponses

% des personnes avec chaque résultat

Votre développement - résultats

Vous n’avez pas pris ce quiz